000 00359 a2200121 4500
001 ART_8005
005 20260410161639.0
008 260409a
245 1 0 _aCuentas tributarias. Una nueva transacción
100 1 _aTaub, Isidoro L.
700 1 _aBuono, Javier A.
773 0 _tConsultor tributario
_g- Vol. 2, Nº 21 (nov. 2008)
_wREV474
999 _c13132
_d13132